| 000 | 00933cad a22001935a 4500 | ||
|---|---|---|---|
| 001 | L152150 | ||
| 008 | 110203s2010 xxk f 000 0 eng d | ||
| 035 | _a(Sirsi) u152150 | ||
| 041 | 0 | _aeng | |
| 110 | 2 |
_aGlenigan Group _93641 |
|
| 245 | 0 | 0 |
_aMonthly Glenigan index _h[electronic resource] |
| 260 |
_aBournemouth _bGlenigan _c2010 |
||
| 520 | _aGlenigan Index for each month from January 2010 tracking the flow of construction projects that start on site each month; regional and sector performance and forecast; data on the value of projects that have started on site during the previous month and the influences that will drive future industry workload over the coming 24 months. | ||
| 590 | _aKA NTK | ||
| 651 | 4 |
_aUnited Kingdom _y |
|
| 690 | _aBUILT ENVIRONMENT-CONSTRUCTION MARKET | ||
| 856 | 4 | 0 |
_uhttps://www.glenigan.com/media/monthly_glenigan_index.aspx _zView this item free of charge at www.glenigan.com |
| 942 | _n0 | ||
| 999 |
_c111894 _d111894 |
||